000 00538nam a2200193 a 4500
003 SISC
005 20160610141234.0
008 110928s19uu xx 00 eng d
020 _a9780736072540
050 _aGV 484
_b.B95 2008
100 _aByl, John.
245 _aHaving a ball :
_bstability ball games. /
_cJohn Byl.
260 _aChampaign, IL :
_bHuman Kinetics,
_c2008.
300 _a137 pages :
_billustrations ;
_c23 cm.
650 _aExercise.
650 _aSwiss erercise balls.
942 _cBK
_2lcc
_kFOR
999 _c24891
_d24891